LEADER 01400nam 2200385 450 001 000012588 005 20050718115500.0 010 $a3-540-52408-8 100 $a20030428d1990----km-y0itay0103----ba 101 0 $aeng 102 $aDE 200 1 $a<> nonlinear theory of generalized functions$fHebe A. Biagioni 210 $aBerlin [etc.]$cSpringer$dc1990 215 $aXII, 214 p.$cill.$d25 cm. 225 2 $aLecture notes in mathematics$v1421 410 0$12001$aLecture notes in mathematics 606 $aAnalisi funzionale 676 $a515.782$v(21. ed.)$9Analisi funzionale. Teoria della distribuzione 691 $a46F10$9Functional analysis. Operations with distributions 700 1$aBiagioni,$bHebe Azevedo$054481 801 0$aIT$bUniversità della Basilicata - B.I.A.$gRICA$2unimarc 912 $a000012588 996 $aNonlinear theory of generalized functions$978679 997 $aUNIBAS BAS $aMONSCI BAS $aSCIENZE CAT $aEXT003$b01$c20030428$lBAS01$h1052 CAT $aEXT003$b01$c20030508$lBAS01$h1644 CAT $c20050601$lBAS01$h1755 CAT $abatch$b01$c20050718$lBAS01$h1051 CAT $c20050718$lBAS01$h1110 CAT $c20050718$lBAS01$h1140 CAT $c20050718$lBAS01$h1155 FMT Z30 -1$lBAS01$LBAS01$mBOOK$1BASA2$APolo Tecnico-Scientifico$2GEN$BCollezione generale$3MAT$666807$5S66807$820030428$f51$FRiservati LEADER 05017nam 22006852 450 001 9910450557303321 005 20151005020621.0 010 $a1-107-12984-2 010 $a1-280-43015-X 010 $a9786610430154 010 $a1-139-13024-2 010 $a0-511-06726-7 010 $a0-511-17971-5 010 $a1-139-14683-1 010 $a0-511-06095-5 010 $a0-511-75538-4 010 $a0-511-06939-1 035 $a(CKB)1000000000018006 035 $a(EBL)217696 035 $a(OCoLC)70751495 035 $a(SSID)ssj0000277983 035 $a(PQKBManifestationID)11213030 035 $a(PQKBTitleCode)TC0000277983 035 $a(PQKBWorkID)10241207 035 $a(PQKB)11016220 035 $a(UkCbUP)CR9780511755385 035 $a(MiAaPQ)EBC217696 035 $a(Au-PeEL)EBL217696 035 $a(CaPaEBR)ebr10070341 035 $a(CaONFJC)MIL43015 035 $a(EXLCZ)991000000000018006 100 $a20100422d2002|||| uy| 0 101 0 $aeng 135 $aur||||||||||| 181 $ctxt$2rdacontent 182 $cc$2rdamedia 183 $acr$2rdacarrier 200 00$aClosure strategies for turbulent and transitional flows /$fedited by B.E. Launder and N.D. Sandham$b[electronic resource] 210 1$aCambridge :$cCambridge University Press,$d2002. 215 $a1 online resource (xiii, 754 pages) $cdigital, PDF file(s) 300 $aTitle from publisher's bibliographic system (viewed on 05 Oct 2015). 311 $a0-521-79208-8 320 $aIncludes bibliographical references. 327 $aIntroduction B.E. Launder and N.D. Sandham -- Part I. Physical and Numerical Techniques: Linear and non-linear eddy viscosity models T.B. Gatski -- Second-moment turbulence closure modelling K. Hanjalic and Jakirilic Suad -- Closure modelling near the two-component limit T.J. Craft and B. Launder -- The elliptic relaxation method P.A. Durbin and B.A. Patterson -- Numerical aspects of applying second-moment closure to complex flows M. Leschziner and F.-S. Lien -- Modelling heat transfer in near-wall flows Y. Nagano -- Introduction to direct numerical simulation N.D. Sandham -- Introduction to large-eddy simulation of turbulent flows J. Frhølich and W. Rodi -- Two-point closure strategies C. Cambon -- Introduction to pdf approaches in turbulence modelling D. Roekaerts. -- Part II. Flow Types and Processes and Strategies for Modelling Them: Modelling of separated and impinging flows T.J. Craft -- Large eddy simulation of the flow past bluff bodies W. Rodi -- LES modelling of industrial flows D. Laurence -- Application of TCL modelling to stratified flows T.J. Craft and B.E. Launder -- Higher-moment diffusion in stable stratification B. Ilyushin -- DNS of by-pass transition P.A. Durbin, R. Jacobs and X. Wu -- By-pass transition using conventional closures A.M. Savill -- New strategies in modelling by-pass transition A.M. Savill -- Compressible, high-speed flows S. Barre, J.-P. Bonnet, T.B. Gatski and N.D. Sandham -- Closure strategies for reacting flows W.P. Jones -- Pdf strategies for reacting flows D. Roekaerts -- TRANS approach to convection in unstably stratified layers K. Hanjalic and S. Kenjeres -- Use of higher moments to construct pdfs in stratified flows B. Ilyushin -- DNS of separation bubbles G.N. Coleman and N.D. Sandham -- Is LES ready for complex flows? B.J. Geurts and A. Leonard -- Further developments in two-point closure C. Cambon. 330 $aTurbulence modelling is a critically important area in any industry dealing with fluid flow, having many implications for computational fluid dynamics (CFD) codes. It also retains a huge interest for applied mathematicians since there are many unsolved problems. This book provides a comprehensive account of the state-of-the-art in predicting turbulent and transitional flows by some of the world's leaders in these fields. It can serve as a graduate-level textbook and, equally, as a reference book for research workers in industry or academia. It is structured in three parts: Physical and Numerical Techniques; Flow Types and Processes; and Future Directions. As the only broad account of the subject, it will prove indispensable for all working in CFD, whether academics interested in turbulent flows, industrial researchers in CFD interested in understanding the models embedded in their software (or seeking more powerful models) or graduate students needing an introduction to this vital area. 517 3 $aClosure Strategies for Turbulent & Transitional Flows 606 $aTurbulence 606 $aTransition flow 615 0$aTurbulence. 615 0$aTransition flow. 676 $a532/.0527 702 $aLaunder$b B. E$g(Brian Edward), 702 $aSandham$b Neil D. 712 02$aIsaac Newton Institute for Mathematical Sciences, 801 0$bUkCbUP 801 1$bUkCbUP 906 $aBOOK 912 $a9910450557303321 996 $aClosure strategies for turbulent and transitional flows$92449935 997 $aUNINA